|
|
|
|
| LEADER |
00000nas a2200000 a 4500 |
| 001 |
ssj0000491183 |
| 003 |
WaSeSS |
| 005 |
20200512172242.0 |
| 006 |
m d |
| 007 |
cr n |
| 008 |
090915c20009999pk fr p s | 0eng |
| 010 |
|
|
|a 2009360572
|
| 016 |
7 |
|
|a 010491599
|2 Uk
|
| 022 |
|
|
|l 1994-1080
|y 1994-1080
|
| 035 |
|
|
|a (WaSeSS)ssj0000491183
|
| 040 |
|
|
|a DLC
|b eng
|c DLC
|d OCLCQ
|d DLC
|d CGU
|d OCLCA
|d OCLCQ
|d OCLCA
|d OCLCF
|d CUS
|d OCLCO
|d OCL
|d OCLCO
|d OCLCA
|d UKMGB
|d WaSeSS
|
| 042 |
|
|
|a pcc
|
| 043 |
|
|
|a a-pk---
|
| 050 |
0 |
0 |
|a JA88.P18
|b J685
|
| 130 |
0 |
|
|a Journal of political studies (Lahore, Pakistan)
|
| 210 |
0 |
|
|a J. polit.stud.
|b (Lahore)
|
| 222 |
|
0 |
|a Journal of political studies
|b (Lahore)
|
| 245 |
1 |
0 |
|a Journal of political studies
|h [electronic resource].
|
| 260 |
|
|
|a Lahore :
|b Dept. of Political Science, University of the Punjab
|
| 310 |
|
|
|a Semiannual
|
| 362 |
1 |
|
|a Began with issue 2000.
|
| 506 |
|
|
|a License restrictions may limit access.
|
| 515 |
|
|
|a Issue for summer 2010 called no. 17 [is also vol. 1, no. 1], issue for winter 2010 called vol. 1, no. 2-
|
| 588 |
|
|
|a Description based on: Issue 14 (winter 2008).
|
| 588 |
|
|
|a Latest issue consulted: Vol. 1, no. 2 (winter 2010).
|
| 650 |
|
0 |
|a Political science
|x Study and teaching
|z Pakistan
|v Periodicals.
|
| 650 |
|
7 |
|a Politics and government
|2 fast
|0 (OCoLC)fst01919741
|
| 650 |
|
7 |
|a Political science
|x Study and teaching.
|2 fast
|0 (OCoLC)fst01069831
|
| 651 |
|
0 |
|a Pakistan
|x Politics and government
|v Periodicals.
|
| 651 |
|
7 |
|a Pakistan.
|2 fast
|0 (OCoLC)fst01210275
|
| 655 |
|
0 |
|a Electronic journals.
|
| 710 |
2 |
|
|a University of the Punjab.
|b Department of Political Science.
|
| 850 |
|
|
|a DLC
|
| 856 |
4 |
0 |
|z Full text available from Research Library: 01/01/2009 to present
|u https://search.proquest.com/publication/237375
|